{"text_format":"3","workbook":"xlsx","n_sheets":7,"sheets":["表3-5 单位工程预算价汇总表","表3-6 分部分项工程计价表","3.1措施项目费汇总表（输出清单项）","表3-13 其他项目计价表","表3-19 规费和税金项目计算表","5.5主要材料价格表","1.1.2综合单价计算表"],"read":"whole","date_system":"1900"}

{"sheet":"表3-5 单位工程预算价汇总表","index":0,"n_rows":22,"n_cols":6,"rows_kept":22,"merged":[[0,0,0,5],[1,0,1,2],[1,4,1,5],[2,2,2,4],[3,2,3,4],[4,2,4,4],[5,2,5,4],[6,2,6,4],[7,2,7,4],[8,2,8,4],[9,2,9,4],[10,2,10,4],[11,2,11,4],[12,2,12,4],[13,2,13,4],[14,2,14,4],[15,2,15,4],[16,2,16,4],[17,2,17,4],[18,2,18,4],[19,2,19,4],[20,2,20,4],[21,2,21,4],[22,2,22,4],[23,2,23,4],[24,2,24,4],[25,2,25,4],[26,2,26,4],[27,2,27,4],[28,2,28,4],[29,2,29,4],[30,2,30,4],[31,2,31,4],[32,2,32,4],[33,2,33,4],[34,2,34,4],[35,2,35,4]]}
["单位工程造价汇总表"]
["工程名称：南村镇江南工业一区一横路(比音勒芬路段)沥青路面工程",{"$nulls":3},"第 1 页  共 1 页"]
["序号","费 用 名 称","计 算 基 础",null,null,"金  额（元）"]
["1","分部分项合计","分部分项合计",null,null,131789.6]
["2","措施合计","绿色施工安全防护措施费+其他措施费",null,null,3531.7]
["2.1","绿色施工安全防护措施费","安全及文明施工措施费",null,null,3531.7]
["2.2","其他措施费","其他措施费"]
["3","其他项目","其他项目合计",null,null,1070.21]
["3.1","暂列金额","暂列金额"]
["3.2","暂估价","暂估价合计"]
["3.3","计日工","计日工"]
["3.4","总承包服务费","总承包服务费"]
["3.5","预算包干费","预算包干费",null,null,1070.21]
["3.6","工程优质费","工程优质费"]
["3.7","概算幅度差","概算幅度差"]
["3.8","索赔费用","索赔费用"]
["3.9","现场签证费用","现场签证费用"]
["3.10","其他费用","其他费用"]
["4","税前工程造价","分部分项合计+措施合计+其他项目",null,null,136391.51]
["5","增值税销项税额","分部分项合计+措施合计+其他项目",null,null,12275.24]
["6","总造价","分部分项合计+措施合计+其他项目+增值税销项税额",null,null,148666.75]
["7","人工费","分部分项人工费+技术措施项目人工费",null,null,7669.25]

{"sheet":"表3-6 分部分项工程计价表","index":1,"n_rows":28,"n_cols":10,"rows_kept":28,"merged":[[0,0,0,9],[1,0,1,5],[1,7,1,9],[2,0,3,0],[2,1,3,1],[2,2,3,2],[2,3,3,3],[2,4,3,4],[2,5,3,7],[2,8,2,9],[4,5,4,7],[5,5,5,7],[6,5,6,7],[7,5,7,7],[8,5,8,7],[9,5,9,7],[10,5,10,7],[11,5,11,7],[12,5,12,7],[13,5,13,7],[14,5,14,7],[15,2,15,3],[15,5,15,7],[16,5,16,7],[17,5,17,7],[18,5,18,7],[19,5,19,7],[20,5,20,7],[21,5,21,7],[22,5,22,7],[23,5,23,7],[24,5,24,7],[25,5,25,7],[26,0,26,8],[27,0,27,8]]}
["分部分项工程计价表"]
["工程名称：南村镇江南工业一区一横路(比音勒芬路段)沥青路面工程",{"$nulls":6},"第 1 页  共 1 页"]
["序号","项目编码","项目名称","项目特征描述","计量\n单位","工程数量",null,null,"金额（元）"]
[{"$nulls":8},"综合单价","合价"]
[1,"041001004001","铣刨路面","1.材质:水泥混凝土\n2.厚度:1-3cm","m2","980",null,null,8.91,8731.8]
[2,"040203003001","透层、粘层","1.材料品种:乳化沥青\n2.喷油量:1kg/m2","m2","980",null,null,3.89,3812.2]
[3,"040201021001","土工合成材料","1.材料品种、规格:玻璃纤维格栅","m2","980",null,null,19.82,19423.6]
[4,"040203006001","沥青混凝土","1.沥青品种:细粒式沥青砼AC-13C\n2.厚度:6cm","m2","980",null,null,97.52,95569.6]
[5,"040103002001","余方弃置","1.外运土方\n2.运距：10km","m3","9.8",null,null,27.59,270.38]
[6,"040504001001","雨水检查井","1.井口加高\n2.拆除原有井梁并新建\n2.安装原有井盖","座","4",null,null,179.59,718.36]
[7,"040504001002","雨水口","1.井口加高\n2.拆除原有井梁并新建\n2.安装原有井盖","座","4",null,null,141.79,567.16]
[8,"040504001005","电力检查井","1.井口加高\n2.拆除原有井梁并新建\n2.安装原有井盖","座","4",null,null,274.5,1098]
[9,"040504001004","燃气检查井","1.井口加高\n2.拆除原有井梁并新建\n2.安装原有井盖","座","2",null,null,200.44,400.88]
[10,"040205006001","标线","1.路面标线\n2.热熔型涂料","m2","33.6",null,null,33.07,1111.15]
[11,"040205007001","标记","1.路面标记\n2.热熔型涂料","m2","1.94",null,null,44.57,86.47]
[{"$nulls":9},131789.6]
{"$rows_empty":10}
["本页小计",{"$nulls":8},131789.6]
["合  计",{"$nulls":8},131789.6]

{"sheet":"3.1措施项目费汇总表（输出清单项）","index":2,"n_rows":38,"n_cols":8,"rows_kept":38,"merged":[[0,0,0,7],[1,0,1,5],[1,6,1,7],[2,0,2,0],[2,1,2,2],[2,3,2,3],[2,4,2,4],[2,5,2,6],[3,1,3,2],[3,5,3,6],[4,1,4,2],[4,5,4,6],[5,1,5,2],[5,5,5,6],[6,1,6,2],[6,5,6,6],[7,1,7,2],[7,5,7,6],[8,1,8,2],[8,5,8,6],[9,1,9,2],[9,5,9,6],[10,1,10,2],[10,5,10,6],[11,1,11,2],[11,5,11,6],[12,1,12,2],[12,5,12,6],[13,1,13,2],[13,5,13,6],[14,1,14,2],[14,5,14,6],[15,1,15,2],[15,5,15,6],[16,1,16,2],[16,5,16,6],[17,1,17,2],[17,5,17,6],[18,1,18,2],[18,5,18,6],[19,1,19,2],[19,5,19,6],[20,1,20,2],[20,5,20,6],[21,1,21,2],[21,5,21,6],[22,1,22,2],[22,5,22,6],[23,1,23,2],[23,5,23,6],[24,1,24,2],[24,5,24,6],[25,1,25,2],[25,5,25,6],[26,1,26,2],[26,5,26,6],[27,1,27,2],[27,5,27,6],[28,1,28,2],[28,5,28,6],[29,1,29,2],[29,5,29,6],[30,1,30,2],[30,5,30,6],[31,1,31,2],[31,5,31,6],[32,1,32,2],[32,5,32,6],[33,1,33,2],[33,5,33,6],[34,1,34,2],[34,5,34,6],[35,1,35,2],[35,5,35,6],[36,1,36,2],[36,5,36,6],[37,1,37,2],[37,5,37,6]]}
["措施项目费汇总表"]
["工程名称：南村镇江南工业一区一横路(比音勒芬路段)沥青路面工程",{"$nulls":5},"第 1 页 共 1 页"]
["编码","名称",null,"单位","数量","单价（元）",null,"合价（元）"]
["1","绿色施工安全防护措施费"]
["1.1","综合脚手架",null,"项",1]
["1.2","靠脚手架安全挡板",null,"项",1]
["1.3","围尼龙编制布",null,"项",1]
["1.4","桥梁支架",null,"项",1]
["1.5","施工现场围挡和临时占地围挡",null,"项",1]
["1.6","施工围挡照明",null,"项",1]
["1.7","独立安全防护挡板",null,"项",1]
["1.8","吊装设备基础",null,"项",1]
["LSSGCSF00001","绿色施工安全防护措施费",null,"项","RGF+JXF","19.8%",null,3531.7]
[null,"小计",null,"元",{"$nulls":3},3531.7]
["2","措施其他项目"]
["粤041109009001","文明工地增加费",null,"项","RGF+JXF","0%"]
["041109002001","夜间施工增加费",null,"项",null,"20%"]
["041109005001","交通疏解员增加费",null,"项",null,"15%"]
["041108001001","地下管线交叉降效费",null,"项",null,"0%"]
["粤041109008001","赶工措施费",null,"项","RGF+JXF","0%"]
["QTFY00000001","其他费用",null,"项",1]
["2.7","围堰工程",null,"项",1]
["2.8","材料二次运输",null,"项",1]
["2.9","井点降水工程",null,"项",1]
["2.10","施工护栏",null,"项",1]
["2.11","监测量控工程",null,"项",1]
[null,"小计",null,"元"]
{"$rows_empty":10}
[null,"合计",{"$nulls":5},"3531.70"]

{"sheet":"表3-13 其他项目计价表","index":3,"n_rows":32,"n_cols":7,"rows_kept":32,"merged":[[0,0,0,6],[1,0,1,3],[1,5,1,6],[2,3,2,5],[3,3,3,5],[4,3,4,5],[5,3,5,5],[6,3,6,5],[7,3,7,5],[8,3,8,5],[9,3,9,5],[10,3,10,5],[11,3,11,5],[12,3,12,5],[13,3,13,5],[14,3,14,5],[15,3,15,5],[16,3,16,5],[17,3,17,5],[18,3,18,5],[19,3,19,5],[20,3,20,5],[21,3,21,5],[22,3,22,5],[23,3,23,5],[24,3,24,5],[25,3,25,5],[26,3,26,5],[27,3,27,5],[28,3,28,5],[29,3,29,5],[30,3,30,5],[31,0,31,2],[31,3,31,5]]}
["其他项目清单与计价表"]
["工程名称：南村镇江南工业一区一横路(比音勒芬路段)沥青路面工程",{"$nulls":4},"第 1 页  共 1 页"]
["序号","项目名称","单位","金额（元）",null,null,"备注"]
["1","暂列金额","项"]
["2","暂估价","项"]
["2.1","材料暂估价","项"]
["2.2","专业工程暂估价","项"]
["3","计日工","项"]
["4","总承包服务费","项"]
["5","预算包干费","项",1070.21,null,null,"按分部分项的人工费与施工机具费之和的 6.00%计算"]
["6","工程优质费","项",{"$nulls":3},"按分部分项的人工费与施工机具费之和为计算基础\n国家级质量奖：12.10%；省级质量奖：7.20%；市级质量奖：4.50%"]
["7","概算幅度差","项",{"$nulls":3},"按分部分项工程费的3.00%计算"]
["8","现场签证费用","项"]
["9","索赔费用","项"]
["10","其他费用","项",{"$nulls":3},"按实际发生或经批准的施工方案计算"]
{"$rows_empty":16}
["合    计",null,null,"1070.21",null,null,"-"]

{"sheet":"表3-19 规费和税金项目计算表","index":4,"n_rows":38,"n_cols":7,"rows_kept":38,"merged":[[0,0,0,6],[1,0,1,3],[1,5,1,6],[2,3,2,5],[3,3,3,5],[4,3,4,5],[5,3,5,5],[6,3,6,5],[7,3,7,5],[8,3,8,5],[9,3,9,5],[10,3,10,5],[11,3,11,5],[12,3,12,5],[13,3,13,5],[14,3,14,5],[15,3,15,5],[16,3,16,5],[17,3,17,5],[18,3,18,5],[19,3,19,5],[20,3,20,5],[21,3,21,5],[22,3,22,5],[23,3,23,5],[24,3,24,5],[25,3,25,5],[26,3,26,5],[27,3,27,5],[28,3,28,5],[29,3,29,5],[30,3,30,5],[31,3,31,5],[32,3,32,5],[33,3,33,5],[34,3,34,5],[35,3,35,5],[36,3,36,5],[37,0,37,5]]}
["规费和税金项目清单与计价表"]
["工程名称：南村镇江南工业一区一横路(比音勒芬路段)沥青路面工程",{"$nulls":4},"第 1 页  共 1 页"]
["序号","项 目 名 称","计 算 基 础","费率（%）",null,null,"金额（元）"]
["1","增值税销项税额","分部分项合计+措施合计+其他项目","9",null,null,12275.24]
{"$rows_empty":33}
["合计",{"$nulls":5},12275.24]

{"sheet":"5.5主要材料价格表","index":5,"n_rows":36,"n_cols":10,"rows_kept":36,"merged":[[0,0,0,9],[1,0,1,5],[1,7,1,9],[2,5,2,7],[3,5,3,7],[4,5,4,7],[5,5,5,7],[6,5,6,7],[7,5,7,7],[8,5,8,7],[9,5,9,7],[10,5,10,7],[11,5,11,7],[12,5,12,7],[13,5,13,7],[14,5,14,7],[15,5,15,7],[16,5,16,7],[17,5,17,7],[18,5,18,7],[19,5,19,7],[20,5,20,7],[21,5,21,7],[22,5,22,7],[23,5,23,7],[24,5,24,7],[25,5,25,7],[26,5,26,7],[27,5,27,7],[28,5,28,7],[29,5,29,7],[30,5,30,7],[31,5,31,7],[32,5,32,7],[33,5,33,7],[34,5,34,7],[35,5,35,7]]}
["主要材料价格表"]
["工程名称：南村镇江南工业一区一横路(比音勒芬路段)沥青路面工程",{"$nulls":6},"第 1 页  共 1 页"]
["序号","材料编码","材料名称","规格","单位","数量",null,null,"市场价\n（元）","市场价合计（元）"]
[1,"02090090","塑料薄膜",null,"m2",11.8895,null,null,1.4,16.65]
[2,"03010065","铁钉",null,"kg",31.752,null,null,7.56,240.05]
[3,"03139561","铣刨鼓边刀",null,"把",16.17,null,null,32.6,527.14]
[4,"04130001","标准砖","240×115×53","千块",0.5526,null,null,378.42,209.11]
[5,"09370070","玻璃纤维格栅",null,"m2",1072.512,null,null,12.25,13138.27]
[6,"13010530","热塑标线底漆",null,"kg",6.1078,null,null,9.6,58.63]
[7,"13110040","热熔标线涂料",null,"kg",175.0771,null,null,3.57,625.03]
[8,"13310050","乳化沥青",null,"kg",1019.2,null,null,3.11,3169.71]
[9,"14030001","柴油",null,"t",0.0588,null,null,5100,299.88]
[10,"14390080","液化石油气",null,"m3",5.6407,null,null,6.97,39.32]
[11,"34110010","水",null,"m3",1.1575,null,null,4.58,5.3]
[12,"36210030","反光材料(玻璃珠)",null,"kg",11.9281,null,null,2.45,29.22]
[13,"99450760","其他材料费",null,"元",221.1123,null,null,1,221.11]
[14,"8021901@2","细粒式沥青混凝土","AC-13C","m3",59.976,null,null,1495.62,89701.31]
[15,"8021905","普通预拌混凝土","碎石粒径综合考虑 C30","m3",0.519,null,null,630,326.97]
[16,"8005903","湿拌砌筑砂浆","砌筑灰缝≥5mm M10","m3",0.2705,null,null,627,169.6]
[17,"8005909","湿拌抹灰砂浆","一次抹灰厚度≥5mm M20","m3",0.3976,null,null,662,263.21]
{"$rows_empty":15}
[null,null,"合  计",{"$nulls":6},109040.51]

{"sheet":"1.1.2综合单价计算表","index":6,"n_rows":47,"n_cols":9,"rows_kept":47,"merged":[[0,0,0,8],[1,0,1,5],[1,6,1,8],[2,0,2,0],[2,1,2,1],[2,2,2,3],[2,4,2,4],[2,5,2,6],[2,7,2,7],[3,0,3,0],[3,2,3,3],[3,5,3,6],[4,0,4,0],[4,2,4,3],[4,5,4,6],[5,0,5,0],[5,2,5,3],[5,5,5,6],[6,0,6,0],[6,2,6,3],[6,5,6,6],[7,0,7,0],[7,2,7,3],[7,5,7,6],[8,0,8,0],[8,2,8,3],[8,5,8,6],[9,0,9,0],[9,2,9,3],[9,5,9,6],[10,0,10,0],[10,2,10,3],[10,5,10,6],[11,0,11,0],[11,2,11,3],[11,5,11,6],[12,0,13,0],[12,2,12,3],[12,5,12,6],[13,2,13,3],[13,5,13,6],[14,0,14,0],[14,2,14,3],[14,5,14,6],[15,0,19,0],[15,2,15,3],[15,5,15,6],[16,2,16,3],[16,5,16,6],[17,2,17,3],[17,5,17,6],[18,2,18,3],[18,5,18,6],[19,2,19,3],[19,5,19,6],[20,0,20,0],[20,2,20,3],[20,5,20,6],[21,0,23,0],[21,2,21,3],[21,5,21,6],[22,2,22,3],[22,5,22,6],[23,2,23,3],[23,5,23,6],[24,0,24,8],[25,0,25,5],[25,6,25,8],[26,0,26,0],[26,1,26,1],[26,2,26,3],[26,4,26,4],[26,5,26,6],[26,7,26,7],[27,0,28,0],[27,2,27,3],[27,5,27,6],[28,2,28,3],[28,5,28,6],[29,0,29,0],[29,2,29,3],[29,5,29,6],[30,0,34,0],[30,2,30,3],[30,5,30,6],[31,2,31,3],[31,5,31,6],[32,2,32,3],[32,5,32,6],[33,2,33,3],[33,5,33,6],[34,2,34,3],[34,5,34,6],[35,0,35,0],[35,2,35,3],[35,5,35,6],[36,0,40,0],[36,2,36,3],[36,5,36,6],[37,2,37,3],[37,5,37,6],[38,2,38,3],[38,5,38,6],[39,2,39,3],[39,5,39,6],[40,2,40,3],[40,5,40,6],[41,0,41,0],[41,2,41,3],[41,5,41,6],[42,0,42,0],[42,2,42,3],[42,5,42,6],[43,0,43,0],[43,2,43,3],[43,5,43,6],[44,0,44,0],[44,2,44,3],[44,5,44,6],[45,0,45,0],[45,2,45,3],[45,5,45,6],[46,2,46,3],[46,5,46,6]]}
["综合单价计算表"]
["工程名称：南村镇江南工业一区一横路(比音勒芬路段)沥青路面工程",{"$nulls":5},"第 1 页 共 2 页"]
["序号","编码","名称",null,"单位","工程量",null,"综合单价\n（元）","综合合价\n（元）"]
[1,"041001004001","铣刨路面",null,"m2","980",null,8.91,8731.8]
[null,"D1-4-85","铣刨机铣刨路面 混凝土路面(厚5cm内)",null,"1000m2",0.98,null,8910.38,8732.17]
[2,"040203003001","透层、粘层",null,"m2","980",null,3.89,3812.2]
[null,"D2-3-31","喷洒乳化沥青 喷油量(1kg/m2)",null,"100m2",9.8,null,389.3,3815.14]
[3,"040201021001","土工合成材料",null,"m2","980",null,19.82,19423.6]
[null,"D1-3-34 换","软基处理工程 铺装土工隔栅 \u007f换为【玻璃纤维格栅】",null,"1000m2",0.98,null,19823.16,19426.7]
[4,"040203006001","沥青混凝土",null,"m2","980",null,97.52,95569.6]
[null,"D2-3-44 换","机械摊铺沥青混凝土路面 细粒式 \u007f合并制作子目 普通预拌混凝土 碎石粒径综合考虑 C10",null,"100m3",0.588,null,162536.92,95571.71]
[5,"040103002001","余方弃置",null,"m3","9.8",null,27.59,270.38]
[null,"D1-1-52","装载机装土",null,"1000m3天然密实方",0.0098,null,2505.82,24.56]
[null,"D1-1-53 换","自卸汽车运土方 运距1km内 \u007f实际运距(km):10",null,"1000m3天然密实方",0.0098,null,25079.54,245.78]
[6,"040504001001","雨水检查井",null,"座","4",null,179.59,718.36]
[null,"D1-4-68","小型机械拆除混凝土构筑物 无筋",null,"10m3",0.013062,null,1718.4,22.45]
[null,"D5-3-283 换","砖砌 圆形 \u007f合并制作子目 湿拌砌筑砂浆 砌筑灰缝≥5mm M10",null,"10m3",0.022427,null,7290.27,163.5]
[null,"D5-3-291","砖墙 抹灰 井内侧",null,"100m2",0.007536,null,2535.9,19.11]
[null,"D5-3-303 换","混凝土井盖、井圈制作 井圈 \u007f合并制作子目 普通预拌混凝土 碎石粒径综合考虑 C30",null,"10m3",0.013062,null,9941.42,129.85]
[null,"D5-3-306 换","井盖、井箅安装 检查井 铸铁井盖、座 \u007f合并制作子目 湿拌抹灰砂浆 一次抹灰厚度≥5mm M20",null,"10套",0.4,null,958.64,383.46]
[7,"040504001002","雨水口",null,"座","4",null,141.79,567.16]
[null,"D1-4-68","小型机械拆除混凝土构筑物 无筋",null,"10m3",0.00936,null,1718.4,16.08]
[null,"D5-3-284 换","砖砌 矩形 \u007f合并制作子目 湿拌砌筑砂浆 砌筑灰缝≥5mm M10",null,"10m3",0.010195,null,6335.38,64.59]
[null,"D5-3-291","砖墙 抹灰 井内侧",null,"100m2",0.003936,null,2535.9,9.98]
["综合单价计算表"]
["工程名称：南村镇江南工业一区一横路(比音勒芬路段)沥青路面工程",{"$nulls":5},"第 2 页 共 2 页"]
["序号","编码","名称",null,"单位","工程量",null,"综合单价\n（元）","综合合价\n（元）"]
[null,"D5-3-303 换","混凝土井盖、井圈制作 井圈 \u007f合并制作子目 普通预拌混凝土 碎石粒径综合考虑 C30",null,"10m3",0.00936,null,9941.42,93.05]
[null,"D5-3-306 换","井盖、井箅安装 检查井 铸铁井盖、座 \u007f合并制作子目 湿拌抹灰砂浆 一次抹灰厚度≥5mm M20",null,"10套",0.4,null,958.64,383.46]
[8,"040504001005","电力检查井",null,"座","4",null,274.5,1098]
[null,"D1-4-68","小型机械拆除混凝土构筑物 无筋",null,"10m3",0.0208,null,1718.4,35.74]
[null,"D5-3-284 换","砖砌 矩形 \u007f合并制作子目 湿拌砌筑砂浆 砌筑灰缝≥5mm M10",null,"10m3",0.05664,null,6335.38,358.84]
[null,"D5-3-291","砖墙 抹灰 井内侧",null,"100m2",0.04464,null,2535.9,113.2]
[null,"D5-3-303 换","混凝土井盖、井圈制作 井圈 \u007f合并制作子目 普通预拌混凝土 碎石粒径综合考虑 C30",null,"10m3",0.0208,null,9941.42,206.78]
[null,"D5-3-306 换","井盖、井箅安装 检查井 铸铁井盖、座 \u007f合并制作子目 湿拌抹灰砂浆 一次抹灰厚度≥5mm M20",null,"10套",0.4,null,958.64,383.46]
[9,"040504001004","燃气检查井",null,"座","2",null,200.44,400.88]
[null,"D1-4-68","小型机械拆除混凝土构筑物 无筋",null,"10m3",0.008164,null,1718.4,14.03]
[null,"D5-3-283 换","砖砌 圆形 \u007f合并制作子目 湿拌砌筑砂浆 砌筑灰缝≥5mm M10",null,"10m3",0.013927,null,7290.27,101.53]
[null,"D5-3-291","砖墙 抹灰 井内侧",null,"100m2",0.004898,null,2535.9,12.42]
[null,"D5-3-303 换","混凝土井盖、井圈制作 井圈 \u007f合并制作子目 普通预拌混凝土 碎石粒径综合考虑 C30",null,"10m3",0.008164,null,9941.42,81.16]
[null,"D5-3-306 换","井盖、井箅安装 检查井 铸铁井盖、座 \u007f合并制作子目 湿拌抹灰砂浆 一次抹灰厚度≥5mm M20",null,"10套",0.2,null,958.64,191.73]
[10,"040205006001","标线",null,"m2","33.6",null,33.07,1111.15]
[null,"D2-5-32","热熔标线 普通型",null,"10m2",3.36,null,330.67,1111.05]
[11,"040205007001","标记",null,"m2","1.94",null,44.57,86.47]
[null,"D2-5-36","箭头 热熔型漆",null,"10m2",0.194,null,445.66,86.46]
[]
[null,null,"合   计",{"$nulls":5},131789.6]